<?xml version="1.0" encoding="utf-8"?>
<?xml-stylesheet type='text/xsl' href='./oai2.xsl'?>
<OAI-PMH xmlns="http://www.openarchives.org/OAI/2.0/" xmlns:xsi="http://www.w3.org/2001/XMLSchema-instance" xsi:schemaLocation="http://www.openarchives.org/OAI/2.0/ http://www.openarchives.org/OAI/2.0/OAI-PMH.xsd">
  <responseDate>2026-06-05T11:57:57Z</responseDate>
  <request verb="GetRecord" metadataPrefix="marcxml" identifier="record_kuniweb_29262">https://kulturerbe.niedersachsen.de/oai</request>
  <GetRecord>
    <record>
      <header>
        <identifier>record_kuniweb_29262</identifier>
        <datestamp>2021-03-24T08:59:20Z</datestamp>
        <setSpec>slg0128</setSpec>
      </header>
      <metadata>
        <marc:record xmlns:marc="http://www.loc.gov/MARC21/slim" xsi:schemaLocation="http://www.loc.gov/MARC21/slim http://www.loc.gov/standards/marcxml/schema/MARC21slim.xsd">
          <marc:leader>12345nrm  22     uu 4500</marc:leader>
          <marc:controlfield tag="001">29262</marc:controlfield>
          <marc:controlfield tag="003">http://kuniweb.gbv.de</marc:controlfield>
          <marc:controlfield tag="005">2014-10-29T18:13:53</marc:controlfield>
          <marc:controlfield tag="008">|           ||||||||||||||||||||||</marc:controlfield>
          <marc:datafield tag="245" ind1="1" ind2="0">
            <marc:subfield code="a">Flasche</marc:subfield>
          </marc:datafield>
          <marc:datafield tag="655" ind1=" " ind2="7">
            <marc:subfield code="a">Alltagskultur</marc:subfield>
          </marc:datafield>
          <marc:datafield tag="046" ind1=" " ind2=" ">
            <marc:subfield code="k">1900</marc:subfield>
            <marc:subfield code="k">1900 - 1930</marc:subfield>
            <marc:subfield code="l">1930</marc:subfield>
          </marc:datafield>
          <marc:datafield tag="260" ind1=" " ind2=" ">
            <marc:subfield code="g">1900</marc:subfield>
            <marc:subfield code="g">1930</marc:subfield>
            <marc:subfield code="g">1900 - 1930</marc:subfield>
          </marc:datafield>
          <marc:datafield tag="300" ind1=" " ind2=" ">
            <marc:subfield code="a">Volumen: 0,35 l
Gewicht: 421 g
Höhe: 17,5 cm</marc:subfield>
          </marc:datafield>
          <marc:datafield tag="520" ind1=" " ind2=" ">
            <marc:subfield code="a">Flasche der Firma Jägermeister aus Klarglas, 0,35 l, rechteckiger Querschnitt, Öffnung für Stopfen, auf "Schauseite": runder, vertiefter Spiegel mit leicht erhabenen Hirschkopf, darunter "Mast" in grüner Schrift, auf den Seitenflächen steht "Jägermeister" in erhabener Schrift. (Oberharzer Bergwerksmuseum)</marc:subfield>
          </marc:datafield>
          <marc:datafield tag="650" ind1="1" ind2=" ">
            <marc:subfield code="a">Branntweinflasche</marc:subfield>
          </marc:datafield>
          <marc:datafield tag="650" ind1="1" ind2=" ">
            <marc:subfield code="a">Behältnis, Hülle &gt; Behältnis &gt; Gefäß &gt; Flasche</marc:subfield>
          </marc:datafield>
          <marc:datafield tag="650" ind1="1" ind2=" ">
            <marc:subfield code="a">Getränkeindustrie</marc:subfield>
          </marc:datafield>
          <marc:datafield tag="773" ind1="0" ind2=" ">
            <marc:subfield code="t">Glas, Keramik und Porzellan</marc:subfield>
          </marc:datafield>
          <marc:datafield tag="852" ind1=" " ind2=" ">
            <marc:subfield code="a">Oberharzer Bergwerksmuseum</marc:subfield>
          </marc:datafield>
          <marc:datafield tag="" ind1=" " ind2=" ">
            <marc:subfield code="a">Namensnennung - Weitergabe unter gleichen Bedingungen 4.0 International (CC BY-SA 4.0)</marc:subfield>
          </marc:datafield>
        </marc:record>
      </metadata>
    </record>
  </GetRecord>
</OAI-PMH>
